Stereo maps enhance digital spatial data visualization (Record no. 36591)

MARC details
000 -LEADER
fixed length control field 00891cab a2200253 4500
001 - CONTROL NUMBER
control field Z4811
008 - FIXED-LENGTH DATA ELEMENTS--GENERAL INFORMATION
fixed length control field 090401t1994 xxu||||| |||| 00| 0 eng d
035 ## - SYSTEM CONTROL NUMBER
System control number (Sirsi) u59606
041 ## - LANGUAGE CODE
Language code of text/sound track or separate title eng
100 ## - MAIN ENTRY--PERSONAL NAME
Personal name Plumb, G.A.
245 ## - TITLE STATEMENT
Title Stereo maps enhance digital spatial data visualization
260 ## - PUBLICATION, DISTRIBUTION, ETC.
Date of publication, distribution, etc. 1994
350 ## - PRICE (NR) (BK AM CF MU VM SE) [OBSOLETE]
Price 0
490 ## - SERIES STATEMENT
Series statement GIS World
Volume/sequential designation 7(1) January 1994, 36-39(4)
520 ## - SUMMARY, ETC.
Summary, etc. Traces the development of `three-dimensional` mapping from contour lines to digitally created stereo effects through a range intermediate techniques: shaded relief, orthophotography, perspective diagrammetry and raised relief. Desribes the latest computer-derived methods.
650 ## - SUBJECT ADDED ENTRY--TOPICAL TERM
Topical term or geographic name entry element ANALYTICAL HILLSHADING
650 ## - SUBJECT ADDED ENTRY--TOPICAL TERM
Topical term or geographic name entry element CARTOGRAPHY
650 ## - SUBJECT ADDED ENTRY--TOPICAL TERM
Topical term or geographic name entry element HILLSHADING
650 ## - SUBJECT ADDED ENTRY--TOPICAL TERM
Topical term or geographic name entry element TOPOGRAPHY
690 ## - LOCAL SUBJECT ADDED ENTRY--TOPICAL TERM (OCLC, RLIN)
Topical term or geographic name as entry element MAPPING AND MEASUREMENT
700 ## - ADDED ENTRY--PERSONAL NAME
Personal name Shyy, T.
942 ## - ADDED ENTRY ELEMENTS (KOHA)
Suppress in OPAC 0
948 ## - LOCAL PROCESSING INFORMATION (OCLC); SERIES PART DESIGNATOR (RLIN)
c (OCLC) 04/03/1997
Holdings
Withdrawn status Lost status Source of classification or shelving scheme Damaged status Not for loan Home library Current library Shelving location Date acquired Total Checkouts Full call number Barcode Date last seen Copy number Price effective from Koha item type
    Dewey Decimal Classification     London London Journal article 14/09/1999   Z4811 59606-1001 06/08/2019 1 06/08/2019 Journal article